<Das> richtige Wort zur rechten Zeit
Salvato in:
| Natura: | Libro |
|---|---|
| Lingua: | tedesco |
| Pubblicazione: |
Thalwill
Emil Oesch Verlag
1945
|
| Tags: |
Nessun Tag, puoi essere il primo ad aggiungerne!!
|
MARC
| LEADER | 00000nam a2200000 4500 | ||
|---|---|---|---|
| 001 | 0267721 | ||
| 005 | 20240822101710.0 | ||
| 041 | 0 | |a ger | |
| 044 | |a CH | ||
| 245 | 1 | 0 | |a <Das> richtige Wort zur rechten Zeit |c Emil Oesch |
| 264 | 1 | |a Thalwill |b Emil Oesch Verlag |c 1945 | |